Dicionario de psicomotricidade

Saved in:
Bibliographic Details
Main Author: Melcherts Hurtado, Johann (autor)
Format: Book
Language:Portuguese
Published: Porto Alegre Prodil 1991
Subjects:
Tags: Add Tag
No Tags, Be the first to tag this record!

MARC

LEADER 00000nam a2200000 a 4500
001 UCP1754
003 CL-VaPUC
008 990426e19910000BL |||||||||||||||||por|d
082 0 4 |a 152.303  |b MEL  |2 21 
100 |a Melcherts Hurtado, Johann  |e autor  |9 427959 
245 1 0 |a Dicionario de psicomotricidade 
300 |a 120 p 
942 |c BK 
945 |d 19990426 00:00:00  |a rbrito 
260 |a Porto Alegre  |b Prodil  |c 1991 
650 7 |a PSICOMOTRICIDAD  |2 CL-VaPUC  |9 241072 
650 7 |a MEDICINA PSICOSOMATICA  |2 CL-VaPUC  |9 342122 
650 0 |a Fisioterapia  |9 307408 
650 0 |a Educación  |9 258661 
650 0 |a Diccionarios  |9 256200 
583 |a last modification  |c 20111102 09:58:36  |k Rodrigo Vera 
999 |c 280396  |d 280394 
952 |0 0  |1 0  |4 0  |6 152_303000000000000_MEL_1991  |7 0  |8 X  |9 320677  |a BIBEDU  |b BIBEDU  |d 2019-11-20  |i 3487873  |o 152.303 MEL 1991  |p 3487873  |r 2023-01-13  |w 2019-11-20  |y BK_X  |k EDU